Sports Quiz

Random Sports or Baseball Quiz

MLB Franchise Best Teams Since 1960 - AL West Quiz Stats

 Plays Quiz not verified by Sporcle

Score 0/67 Timer 07:00
0 Plays Today
Team Player % Correct
Mariners - 2001 (116-46)Lost ALCS 1-4 vs. Yankees
98.3%
Angels - 2002 (99-63)Won World Series 4-3 vs. Giants
97.6%
Astros - 1998 (102-60)Lost NLDS 1-3 vs. Padres
96.9%
Rangers - 2011 (96-66)Lost World Series 3-4 vs. Cards
96.5%
Athletics - 1973 (94-68)Won World Series 4-3 vs. Mets
95.8%
Mariners - 2001 (116-46)Ichiro Suzuki
92%
Mariners - 2001 (116-46)Ichiro Suzuki
92%
Athletics - 1973 (94-68)Reggie Jackson
91.7%
Athletics - 1973 (94-68)Reggie Jackson
91.7%
Athletics - 1973 (94-68)Reggie Jackson
91.7%
Athletics - 1973 (94-68)Reggie Jackson
91.7%
Athletics - 1973 (94-68)Reggie Jackson
91.7%
Astros - 1998 (102-60)Craig Biggio
88.9%
Astros - 1998 (102-60)Craig Biggio
88.9%
Astros - 1998 (102-60)Craig Biggio
88.9%
Rangers - 2011 (96-66)Josh Hamilton
86.5%
Rangers - 2011 (96-66)Ron Washington
84.4%
Mariners - 2001 (116-46)Bret Boone
81.7%
Mariners - 2001 (116-46)Bret Boone
81.7%
Mariners - 2001 (116-46)Bret Boone
81.7%
Mariners - 2001 (116-46)Bret Boone
81.7%
Mariners - 2001 (116-46)Edgar Martinez
81.3%
Athletics - 1973 (94-68)Ken Holtzman, Catfish Hunter
81%
Rangers - 2011 (96-66)Ian Kinsler, Adrian Beltre
81%
Athletics - 1973 (94-68)Catfish Hunter
80.6%
Angels - 2002 (99-63)Garret Anderson
80.6%
Angels - 2002 (99-63)Garret Anderson
80.6%
Angels - 2002 (99-63)Mike Scioscia
78.5%
Angels - 2002 (99-63)Troy Glaus
77.5%
Rangers - 2011 (96-66)Adrian Beltre
77.2%
Athletics - 1973 (94-68)Rollie Fingers
76.8%
Athletics - 1973 (94-68)Rollie Fingers
76.8%
Mariners - 2001 (116-46)Jaime Moyer
74.4%
Mariners - 2001 (116-46)Lou Piniella
73.7%
Team Player % Correct
Rangers - 2011 (96-66)Ian Kinsler
68.9%
Angels - 2002 (99-63)Darrin Erstad
67.8%
Rangers - 2011 (96-66)Michael Young
67.8%
Rangers - 2011 (96-66)Michael Young
67.8%
Rangers - 2011 (96-66)Michael Young
67.8%
Athletics - 1973 (94-68)Ken Holtzman
65.7%
Athletics - 1973 (94-68)Ken Holtzman
65.7%
Rangers - 2011 (96-66)CJ Wilson, Derek Holland
65.4%
Athletics - 1973 (94-68)Dick Williams
65.1%
Rangers - 2011 (96-66)CJ Wilson
63.3%
Rangers - 2011 (96-66)CJ Wilson
63.3%
Athletics - 1973 (94-68)Bert Campaneris
61.6%
Athletics - 1973 (94-68)Sal Bando
60.2%
Astros - 1998 (102-60)Moises Alou
55.7%
Astros - 1998 (102-60)Moises Alou
55.7%
Astros - 1998 (102-60)Moises Alou
55.7%
Angels - 2002 (99-63)Troy Percival
54.3%
Mariners - 2001 (116-46)Freddy Garcia
54.3%
Mariners - 2001 (116-46)Freddy Garcia
54.3%
Astros - 1998 (102-60)Billy Wagner
51.2%
Mariners - 2001 (116-46)Mike Cameron
49.8%
Mariners - 2001 (116-46)John Olerud
49.1%
Mariners - 2001 (116-46)Kazuhiro Sasaki
45.3%
Mariners - 2001 (116-46)Kazuhiro Sasaki
45.3%
Rangers - 2011 (96-66)Neftali Feliz
44.3%
Astros - 1998 (102-60)Larry Dierker
37.7%
Astros - 1998 (102-60)Mike Hampton
36%
Angels - 2002 (99-63)Jarrod Washburn
31.8%
Angels - 2002 (99-63)Jarrod Washburn
31.8%
Astros - 1998 (102-60)Shane Reynolds
30.1%
Angels - 2002 (99-63)Adam Kennedy
28%
Mariners - 2001 (116-46)Jeff Nelson
19.7%
Rangers - 2011 (96-66)Alexi Ogando
14.2%

You're not logged in!

Compare scores with friends on all Sporcle quizzes.
Join for Free
OR
Log In

You Might Also Like...

Show Comments

Extras

Top Quizzes Today


Score Distribution

Your Account Isn't Verified!

In order to create a playlist on Sporcle, you need to verify the email address you used during registration. Go to your Sporcle Settings to finish the process.

Report this User

Report this user for behavior that violates our Community Guidelines.

Details: